MDQL
is popping MORE tags! Check the
thread
!
Quizzes
Events
Quiz Creation
Community
Videos
Private Events
Remove Ads
Sign In
Join for FREE
Feedback
Dark Mode
Quiz Categories
Sports
Geography
Music
Movies
Television
Just For Fun
Miscellaneous
History
Literature
Language
Science
Gaming
Entertainment
Religion
Holiday
For Kids
Quiz Lab
Recent
Popular Today
Quiz Kudos Today
Editor Picks
Curator Picks
Quizzes by...
Day
Popularity
Type
Ratings
Length
Year
Community
Subscriptions
Recent Discussions
Orange Saloon
Badges
Playlists
Quests
Create
Leaderboards
Showdown
Live 5
Trivia Bingo
Activity
Puzzle Library
Sporcle Events
Private Events
Virtual Trivia
Globe League
Become a Host
Pub Owners
SporcleCon
Opinionation
Our Games
Videos
Blog
Mobile Apps
Partnerships
Remove Ads and Go Orange
Feedback
Television
TV Characters
TV Show
Sitcom
Network
Friends
Reality Shows
Cast
South Park
Star Trek
The Simpsons
Doctor Who
Television
TV Characters
TV Show
Sitcom
Network
Friends
Reality Shows
Cast
South Park
Star Trek
The Simpsons
Doctor Who
Random Quiz
Search Sporcle
×
Quiz Lab
Quiz Lab
Television
robot
Type in answers that appear in a list
Type in answers that appear in a list
Classic
Best Score? Go Orange.
Robot Wars Seeds Stats
Can you name the Robot Wars Seeds?
By
Southernhammer
10m
90 Questions
1,067 Plays
1,067 Plays
1,067 Plays
Comments
Comments
Give Quiz Kudos
Give Quiz Kudos
-
- Ratings
hide this ad
Replay
Link that replays current quiz
Next Quiz
Link to next quiz in quiz playlist
You Got
0%
They Got
Avg Score
81%
Avg Friend Score
Upgrade to see
Score Distribution
Jump to the score distribution portion of the page
Score
0/90
Timer
10:00
0
Plays Today
Series
Competitor
% Correct
Series 2
Chaos
98.1%
Series 4
Razer
97.6%
Series 5
Razer
97.6%
Series 6
Razer
97.6%
Series 4
Chaos 2
97.5%
Series 5
Chaos 2
97.5%
Series 6
Chaos 2
97.5%
Series 4
Hypno-Disc
95.7%
Series 5
Hypno-Disc
95.7%
Series 6
Hypno-Disc
95.7%
Series 5
Tornado
95.3%
Series 6
Tornado
95.3%
Series 7
Tornado
95.3%
Series 4
Suicidal Tendencies
95%
Series 5
Suicidal Tendencies
95%
Series 2
Roadblock
94.4%
Series 4
Pussycat
93.8%
Series 5
Pussycat
93.8%
Series 7
Pussycat
93.8%
Series 4
Panic Attack
93.2%
Series 5
Panic Attack
93.2%
Series 6
Panic Attack
93.2%
Series 7
Panic Attack
93.2%
Series 4
Bigger Brother
91.8%
Series 6
Bigger Brother
91.8%
Series 7
Bigger Brother
91.8%
Series 4
Firestorm 2
91.5%
Series 4
Behemoth
89.6%
Series 5
Behemoth
89.6%
Series 7
Behemoth
89.6%
Series
Competitor
% Correct
Series 5
Firestorm 3
89.4%
Series 6
Firestorm 4
89.3%
Series 4
Stinger
88.9%
Series 5
Stinger
88.9%
Series 6
Stinger
88.9%
Series 7
Firestorm 5
87%
Series 2
Cassius
86.1%
Series 2
Mortis
86%
Series 4
Mortis
86%
Series 4
Wheely Big Cheese
85.1%
Series 5
Wheely Big Cheese
85.1%
Series 4
Gemini
84%
Series 5
Gemini
84%
Series 7
Terrorhurtz
82.7%
Series 4
Steg 2
82.4%
Series 4
101
82.2%
Series 5
101
82.2%
Series 5
Dominator 2
81.8%
Series 6
Dominator 2
81.8%
Series 7
Storm 2
81.6%
Series 4
X-Terminator 2
81.4%
Series 4
Wild Thing
81.3%
Series 5
Wild Thing
81.3%
Series 5
X-Terminator
81.3%
Series 6
Wild Thing
81.3%
Series 7
X-Terminator
81.3%
Series 7
Dantomkia
80.8%
Series 2
Killertron
80.4%
Series 6
S3
78.5%
Series 2
Bodyhammer
78.3%
Series
Competitor
% Correct
Series 5
Spawn Again
78.1%
Series 6
Spawn Again
78.1%
Series 7
Spawn Again
78.1%
Series 4
Diotoir
76.1%
Series 4
Spawn Of Scutter
74.3%
Series 4
King B3
73.7%
Series 7
13 Black
73.4%
Series 4
Killerhurtz
73.3%
Series 5
S.M.I.D.S.Y.
73.3%
Series 7
S.M.I.D.S.Y.
73.3%
Series 5
Thermidor 2
72.1%
Series 7
Thermidor 2
72.1%
Series 4
Plunderbird 4
70.9%
Series 7
Bulldog Breed
69.5%
Series 7
Ming Dienasty
69%
Series 5
3 Stegs To Heaven
68.1%
Series 4
Gravedigger
66.5%
Series 5
Mousetrap 2
63.7%
Series 4
Evil Weevil
63.5%
Series 4
Sir Chromalot
62.2%
Series 5
Splinter
61.8%
Series 4
Shadow Of Napalm
61%
Series 5
Atomic 2
60.2%
Series 4
Centurion
59%
Series 4
Cerberus
57.1%
Series 4
Weld-Dor 2
54.5%
Series 5
Mini Morg
54.5%
Series 4
Aggrobot 2
51.5%
Series 4
Berserk 2
47.8%
Series 4
Dreadnaut XP-1
43.8%
Quiz Playlist
Details
Report
Send in Message
Add To Playlist
Classic:
Type in answers that appear in a list
Last Updated: Mar 31, 2017
Quiz Scoreboard
CHALLENGE
Sign Up to Join the Scoreboard
Show All
Scores
Hide
Comments
May contain spoilers
Recently Published
Holiday 10x10 Sorting Gallery
by lukepisani3
Holiday
15m
Two Season TV Shows II
by 123Four
Television
10m
Image Sorting: Flags VI
by Barbecue
Geography
2m
More to Explore
Quiz From the Vault
Featured Blog Post
14 Easter Pick-up Lines to Find Eggs With
hide this ad
You Might Also Like...
Tags
robot
robotic
Robot Wars
Today's Top Quizzes in Television
Browse Television
hide this ad
Today's Top Quizzes in robot
Browse robot
Top Contributed Quizzes in Television
1
Survivor Journey Challenge
2
Even More Two Season TV Shows
3
Adjectives in 00s TV Shows
4
Even More Three Season TV Shows
5
Survivor Logic Puzzle: Heroes vs. Villains
6
Adjectives in 10s TV Shows
7
One Season TV Shows
8
One Piece Logic Puzzle
9
Brooklyn Nine Nine Logic Puzzle (How-To-Play)
10
Click the SpongeBob Episodes (Season 3)
Explore More
Trending Topics
Harry Potter
Disney
Marvel
NBA
Anime
Crossword
Kpop
Country
The Office
NFL
WWE
Puzzle
Pokémon
Song
Soccer
hide this ad
More By:
Southernhammer
Quiz
Plays
Rating
Category
Featured
Created
Top Premier League Scorers from Outside of Europe
124,063
4.73
Sports
Feb 28, 2017
Top English, Scottish and Welsh Premier League Scorers
12,029
4.83
Sports
Feb 27, 2017
FA Cup Top 4 Teams
8,984
4.79
Sports
Feb 15, 2015
Robot Wars Seeds
1,067
5.00
Television
Nov 21, 2010
Robot Wars - Name The Robot
741
5.00
Television
Nov 21, 2010
Go to Creator's Profile
Score Distribution
Quiz Creator Spotlight
Southernhammer
Follow
Send a Message
Quizzes Created
-
Created Quiz Play Count
-
More By This Creator
Popular Quizzes Today
1
Find the US States - No Outlines Minefield
2
Colored Red Africa Blitz
3
Find the 'City' Movie
4
The Countries of the World
5
Find the US States
6
5x2 Blitz: Bands
7
Find the Countries of Europe - No Outlines Minefield
8
US States
More Television Quizzes
10 Down Blitz: US Sitcoms
Published
Trending Quizzes
Colored Red Europe Blitz I
Colored Red Europe Blitz II
Colored Red Africa Blitz II
Colored Red Europe Blitz III
Colored Red Africa Blitz III
Recently Updated
Odd Team Out - Big 4 Players
pecheneg
Quick Pick: 20 Twenties
pecheneg
March Madness Men's Triple Doubles
pecheneg
How Do You Spell That?
pecheneg
Godzilla Movies
pecheneg
Grab Bag: 4-10 Letters
pecheneg
2024 March Madness Bracket
pecheneg
Famous TV Couples
Peacemaker
Champions League XIs: Real Madrid
pecheneg
Largest US Cities 1790-2010
pecheneg
Trending Topics
Disney
Kpop
Crossword
Harry Potter
Anime
NBA
Marvel
Puzzle
Song
Country
The Office
NFL
WWE
Pokémon
Soccer
Your Account Isn't Verified!
In order to create a playlist on Sporcle, you need to verify the email address you used during registration. Go to your
Sporcle Settings
to finish the process.
Report this User
Report this user for behavior that violates our
Community Guidelines
.
Details:
Send Report
Go to the Sporcle.com Mobile Site →
Comments